[Event "EU-ch Online 2300+ Final"]
[Site "Chess.com INT"]
[Date "2020.05.30"]
[Round "8"]
[White "Tokarev, Sergey"]
[Black "Loeffler, Markus"]
[Result "0-1"]
[WhiteElo "1438"]
[BlackElo "2310"]
[PlyCount "96"]
[EventDate "2020.05.30"]
[EventType "swiss"]
[EventRounds "8"]
[EventCountry "NET"]
[SourceTitle "CBM 196 Extra"]
[Source "ChessBase"]
[SourceDate "2020.07.31"]
[SourceVersion "1"]
[SourceVersionDate "2020.07.31"]
[SourceQuality "1"]

1. c4 c5 2. Nc3 Nc6 3. e4 g6 4. g3 Bg7 5. Bg2 e6 6. Nge2 Nge7 7. 0-0 0-0 8. d3 Rb8 9. Rb1 d6 10. a3 a5 11. Bg5 Bd7 12. Qd2 Nd4 13. Nxd4 cxd4 14. Ne2 b5 15. b4 axb4 16. Rxb4 f6 17. Bh6 bxc4 18. dxc4 e5 19. Rfb1 Qc7 20. Bxg7 Kxg7 21. Qb2 Rxb4 22. axb4 Qxc4 23. Rc1 Qb5 24. Rc7 Rc8 25. Ra7 Rc4 26. Nc1 Rxb4 27. Qa2 Kf8 28. Bf1 Qc6 29. Nd3 Rb8 30. Qa5 Rb7 31. Ra8+ Be8 32. Ra6 Qxe4 33. Rxd6 Bc6 34. Rxf6+ Kg7 35. Rxc6 Nxc6 36. Qc5 Rb1 37. Qc2 Ra1 38. Qb2 Rxf1+ 39. Kxf1 Qxd3+ 40. Kg1 Qc3 41. Qb7+ Kh6 42. Qc7 d3 43. Qf7 Qe1+ 44. Kg2 Qe4+ 45. Kg1 Nd4 46. Qf8+ Kh5 47. Qe7 Ne2+ 48. Kf1 Qh1# 0-1

[Event "EU-ch Online 2300+ Final"]
[Site "Chess.com INT"]
[Date "2020.05.30"]
[Round "1"]
[White "Vogel, Roven"]
[Black "Tokarev, Sergey"]
[Result "1-0"]
[WhiteElo "2456"]
[BlackElo "1438"]
[PlyCount "117"]
[EventDate "2020.05.30"]
[EventType "swiss"]
[EventRounds "8"]
[EventCountry "NET"]
[SourceTitle "CBM 196 Extra"]
[Source "ChessBase"]
[SourceDate "2020.07.31"]
[SourceVersion "1"]
[SourceVersionDate "2020.07.31"]
[SourceQuality "1"]

1. d4 e6 2. c4 d5 3. Nc3 Nf6 4. cxd5 exd5 5. Bg5 Be7 6. e3 h6 7. Bf4 0-0 8. Bd3 Bg4 9. Nf3 c5 10. dxc5 Bxc5 11. 0-0 Nc6 12. h3 Be6 13. Nb5 Rc8 14. Rc1 Be7 15. Nbd4 Qd7 16. Bb5 Bd6 17. Ne5 Bxe5 18. Bxe5 Ne4 19. Qh5 a6 20. Nxc6 axb5 21. Nd4 Rxc1 22. Rxc1 Rc8 23. Qd1 b4 24. Qe1 Rxc1 25. Qxc1 Nd6 26. Bxd6 Qxd6 27. Qd2 Bd7 28. Ne2 Qc5 29. Nf4 Bc6 30. Nd3 Qc4 31. Nxb4 g6 32. b3 Qe4 33. Qd4 Qb1+ 34. Kh2 Qf5 35. Nd3 g5 36. a4 Qe6 37. Kg1 Qd6 38. Nb4 Qg6 39. Qd3 Qd6 40. Nc2 Qc5 41. Nd4 Bd7 42. Qd2 Kg7 43. Ne2 f6 44. Qc3 Qa3 45. Qc7 Qa1+ 46. Nc1 Kg6 47. Qxd7 Qxc1+ 48. Kh2 Qc2 49. Qxd5 Qxf2 50. Qe4+ Qf5 51. Qxf5+ Kxf5 52. Kg3 Ke4 53. Kg4 f5+ 54. Kh5 Kxe3 55. Kxh6 g4 56. hxg4 fxg4 57. Kg5 g3 58. Kh4 Kf2 59. Kh3 1-0

[Event "EU-ch Online 2300+ Qual"]
[Site "Chess.com INT"]
[Date "2020.05.29"]
[Round "5"]
[White "Ivic, Velimir"]
[Black "Tokarev, Sergey"]
[Result "1-0"]
[WhiteElo "2548"]
[BlackElo "1438"]
[PlyCount "73"]
[EventDate "2020.05.29"]
[EventType "swiss"]
[EventRounds "8"]
[EventCountry "NET"]
[SourceTitle "CBM 196 Extra"]
[Source "ChessBase"]
[SourceDate "2020.07.31"]
[SourceVersion "1"]
[SourceVersionDate "2020.07.31"]
[SourceQuality "1"]

1. e4 e6 2. d4 d5 3. e5 c5 4. c3 Nc6 5. Nf3 Qb6 6. Bd3 Bd7 7. dxc5 Bxc5 8. 0-0 Nge7 9. b4 Bxb4 10. cxb4 Nxb4 11. Be3 Qd8 12. Bc5 Nxd3 13. Qxd3 Rc8 14. Ba3 Qb6 15. Nd4 Rc4 16. Bxe7 Rxd4 17. Qa3 Bb5 18. Bc5 Qc6 19. Bxd4 Bxf1 20. Nd2 Bc4 21. Bxa7 Kd7 22. Bd4 Rc8 23. Rc1 b5 24. Qg3 g6 25. a3 Ra8 26. h3 Qa6 27. Nxc4 bxc4 28. Rc3 Ke8 29. Qf4 Qb5 30. Kh2 h5 31. Rf3 Qb7 32. Qf6 Rc8 33. Qh8+ Ke7 34. Qf6+ Ke8 35. Qh8+ Ke7 36. Rxf7+ Kxf7 37. Qh7+ 1-0

[Event "EU-ch Online U2300 Qual"]
[Site "Chess.com INT"]
[Date "2020.05.25"]
[Round "3"]
[White "Arakhamia Grant, Ketevan"]
[Black "Tokarev, Sergey"]
[Result "0-1"]
[WhiteElo "2380"]
[BlackElo "1438"]
[PlyCount "68"]
[EventDate "2020.05.25"]
[EventType "swiss"]
[EventRounds "8"]
[EventCountry "NET"]
[SourceTitle "EXT 2021"]
[Source "ChessBase"]
[SourceDate "2020.10.23"]
[SourceVersion "1"]
[SourceVersionDate "2020.10.23"]
[SourceQuality "1"]

1. e4 e6 2. d4 d5 3. Nc3 Nf6 4. e5 Nfd7 5. f4 c5 6. Nf3 Nc6 7. Be3 Qb6 8. Na4 Qa5+ 9. c3 cxd4 10. b4 Nxb4 11. cxb4 Bxb4+ 12. Bd2 Bxd2+ 13. Nxd2 0-0 14. Nb2 f6 15. Bd3 fxe5 16. fxe5 Nxe5 17. Bxh7+ Kxh7 18. Qh5+ Kg8 19. Qxe5 Rf5 20. Qxd4 e5 21. Qe3 Bd7 22. Rf1 Rxf1+ 23. Kxf1 Qb5+ 24. Kg1 Qxb2 25. Rb1 Qc2 26. Rxb7 Qd1+ 27. Kf2 Rf8+ 28. Nf3 Qc2+ 29. Kg1 Bc6 30. Rc7 e4 31. Qd4 Qc1+ 32. Kf2 Qh6 33. Qc5 exf3 34. Rxc6 Qd2+ 0-1

[Event "EU-ch Online U2300 Qual"]
[Site "Chess.com INT"]
[Date "2020.05.25"]
[Round "7"]
[White "Peycheva, Gergana"]
[Black "Tokarev, Sergey"]
[Result "1/2-1/2"]
[WhiteElo "2255"]
[BlackElo "1438"]
[PlyCount "28"]
[EventDate "2020.05.25"]
[EventType "swiss"]
[EventRounds "8"]
[EventCountry "NET"]
[SourceTitle "EXT 2021"]
[Source "ChessBase"]
[SourceDate "2020.10.23"]
[SourceVersion "1"]
[SourceVersionDate "2020.10.23"]
[SourceQuality "1"]

1. d4 e6 2. c4 d5 3. Nc3 Nf6 4. cxd5 exd5 5. Bg5 Be7 6. e3 0-0 7. Bd3 b6 8. Nge2 Bb7 9. 0-0 c5 10. Rc1 Nc6 11. dxc5 bxc5 12. Na4 c4 13. Bb1 h6 14. Bh4 Rb8 1/2-1/2

[Event "EU-ch Online U2300 Qual"]
[Site "Chess.com INT"]
[Date "2020.05.25"]
[Round "6"]
[White "Tokarev, Sergey"]
[Black "Gallasch, Jonas"]
[Result "1-0"]
[WhiteElo "1438"]
[BlackElo "2090"]
[PlyCount "47"]
[EventDate "2020.05.25"]
[EventType "swiss"]
[EventRounds "8"]
[EventCountry "NET"]
[SourceTitle "EXT 2021"]
[Source "ChessBase"]
[SourceDate "2020.10.23"]
[SourceVersion "1"]
[SourceVersionDate "2020.10.23"]
[SourceQuality "1"]

1. c4 c5 2. Nc3 Nc6 3. e4 g6 4. g3 Bg7 5. Bg2 Nf6 6. Nge2 0-0 7. 0-0 Ne8 8. f4 Nc7 9. f5 d6 10. d3 Rb8 11. g4 b5 12. g5 Ne5 13. Nd5 Nxd5 14. cxd5 c4 15. d4 Nd3 16. b3 Re8 17. Be3 e6 18. dxe6 fxe6 19. f6 Bxf6 20. gxf6 Rf8 21. Bg5 Qb6 22. Be3 e5 23. Qd2 Bg4 24. dxe5 1-0